000 00635nam a22001817a 4500
999 _c183604
_d183604
005 20211229152751.0
010 _aENG-130754
020 _a978-93-887-545-14
_c599.00
035 _aEN-114286
037 _bDBAD
082 _a796.358220954
100 _aDutta, Anindya
245 _aWizards:
_cAnindya Dutta
_bThe Story Of Indian Spin Bowling/
260 _aChennai
_bWestland Publications Private Limited
_c2019
270 _a1st Floor, A Block, East Wing, Plot No. 40, SP Info City, Dr. MGR Salai, Perungudi, Kandanchavadi
_bChennai
_e600096
300 _a454p
_c21cm(pbk)
942 _2ddc
_cEN
_h796.358220954
_mDUT